Große Kreisstädte in Baden-Württemberg - Statistiken

Allgemein
  • Dieses Quiz wurde 266 mal gespielt
  • Das Durchschnittsergebnis liegt bei 54 aus 94
Antwortstatistiken
Landkreis Stadt Einwohner % Korrekt
Böblingen Böblingen 50.155
92%
Ludwigsburg Ludwigsburg 93.499
92%
Calw Calw 23.590
88%
Esslingen Esslingen am Neckar 93.542
88%
Rastatt Rastatt 49.783
88%
Biberach Biberach an der Riß 32.938
87%
Göppingen Göppingen 57.558
87%
Konstanz Konstanz 84.760
87%
Reutlingen Reutlingen 115.966
87%
Tübingen Tübingen 90.546
87%
Ravensburg Ravensburg 50.623
86%
Lörrach Lörrach 49.347
85%
Emmendingen Emmendingen 27.882
84%
Freudenstadt Freudenstadt 23.442
84%
Schwäbisch Hall Schwäbisch Hall 40.440
84%
Bodenseekreis Friedrichshafen 60.865
83%
Heidenheim Heidenheim an der Brenz 49.526
83%
Lörrach Weil am Rhein 30.175
81%
Ostalbkreis Aalen 68.456
80%
Tuttlingen Tuttlingen 35.730
79%
Schwarzwald-Baar-Kreis Villingen-Schwenningen 85.181
79%
Ortenaukreis Offenburg 59.646
77%
Rottweil Rottweil 25.274
77%
Böblingen Sindelfingen 64.858
76%
Waldshut Waldshut-Tiengen 24.226
76%
Ostalbkreis Schwäbisch Gmünd 61.186
73%
Konstanz Singen (Hohentwiel) 47.723
72%
Zollernalbkreis Balingen 34.217
70%
Rems-Murr-Kreis Waiblingen 55.449
70%
Karlsruhe Bruchsal 44.644
66%
Zollernalbkreis Albstadt 45.327
65%
Schwäbisch Hall Crailsheim 34.400
62%
Esslingen Nürtingen 41.093
62%
Rhein-Neckar-Kreis Sinsheim 35.442
62%
Ludwigsburg Bietigheim-Bissingen 43.093
61%
Ortenaukreis Kehl 36.089
61%
Rems-Murr-Kreis Backnang 37.253
60%
Esslingen Filderstadt 45.813
60%
Esslingen Kirchheim unter Teck 40.523
59%
Heilbronn Neckarsulm 26.492
59%
Böblingen Leonberg 48.733
58%
Ludwigsburg Vaihingen an der Enz 29.467
58%
Rems-Murr-Kreis Winnenden 28.339
57%
Karlsruhe Ettlingen 39.339
56%
Ravensburg Wangen im Allgäu 26.905
56%
Ortenaukreis Lahr/Schwarzwald 46.797
55%
Neckar-Odenwald-Kreis Mosbach 23.398
55%
Göppingen Eislingen/Fils 20.885
54%
Tübingen Rottenburg am Neckar 43.723
53%
Rems-Murr-Kreis Schorndorf 39.634
53%
Schwarzwald-Baar-Kreis Donaueschingen 22.526
52%
Göppingen Geislingen an der Steige 28.122
52%
Freudenstadt Horb am Neckar 25.135
52%
Rhein-Neckar-Kreis Weinheim 45.284
52%
Main-Tauber-Kreis Bad Mergentheim 23.704
51%
Böblingen Herrenberg 31.545
51%
Rastatt Bühl 28.900
49%
Rems-Murr-Kreis Fellbach 45.671
49%
Karlsruhe Bretten 29.412
48%
Ludwigsburg Kornwestheim 33.803
48%
Reutlingen Metzingen 22.046
46%
Alb-Donau-Kreis Ehingen (Donau) 26.259
45%
Esslingen Leinfelden-Echterdingen 40.092
45%
Bodenseekreis Überlingen 22.554
45%
Main-Tauber-Kreis Wertheim 22.780
45%
Ostalbkreis Ellwangen (Jagst) 24.549
44%
Hohenlohekreis Öhringen 24.374
44%
Konstanz Radolfzell am Bodensee 31.203
43%
Ravensburg Weingarten 24.943
43%
Ortenaukreis Achern 25.630
42%
Rhein-Neckar-Kreis Hockenheim 21.779
42%
Calw Nagold 22.294
42%
Esslingen Ostfildern 39.321
42%
Rastatt Gaggenau 29.777
41%
Heidenheim Giengen an der Brenz 19.666 (!)
39%
Enzkreis Mühlacker 26.076
38%
Heilbronn Eppingen 21.819
37%
Lörrach Rheinfelden (Baden) 33.074
37%
Heilbronn Bad Rappenau 21.398
35%
Ludwigsburg Ditzingen 24.883
35%
Ludwigsburg Remseck am Neckar 26.467
35%
Rhein-Neckar-Kreis Schwetzingen 21.433
35%
Rhein-Neckar-Kreis Wiesloch 26.758
35%
Ravensburg Leutkirch im Allgäu 22.803
34%
Tübingen Mössingen 20.480
34%
Rems-Murr-Kreis Weinstadt 26.987
33%
Biberach Laupheim 22.298
31%
Rhein-Neckar-Kreis Leimen 26.968
30%
Karlsruhe Rheinstetten 20.340
30%
Rottweil Schramberg 21.189
30%
Emmendingen Waldkirch 21.809
30%
Karlsruhe Waghäusel 20.935
28%
Karlsruhe Stutensee 24.541
27%
Ortenaukreis Oberkirch 20.066
26%
Keine übereinstimmenden Quizze gefunden
Verteilung der Resultate
Anzahl Personen mit jedem Resultat
Perzentil nach korrekt beantworteten Fragen
Ihre Resultats-Entwicklung
Sie haben dieses Quiz noch nicht gespielt